Latin II 4th Principal Parts Quiz Stats

 Plays Quiz not verified by Sporcle

Challenge
Share
Tweet
Embed
Score 0/15 Timer 04:00
0 Plays Today
% Correct
captus
97%
tractus
95%
laudatus
94.1%
missus
93.1%
status
93.1%
interfectus
93.1%
petitus
93.1%
monitus
93.1%
% Correct
rectus
93.1%
victus
92.1%
factus
92.1%
doctus
91.1%
dictus
84.2%
ductus
83.2%
ventus
80.2%

You're not logged in!

Compare scores with friends on all Sporcle quizzes.
OR
Log In

You Might Also Like...

Show Comments

Extras

Top Quizzes Today


Score Distribution

Your Account Isn't Verified!

In order to create a playlist on Sporcle, you need to verify the email address you used during registration. Go to your Sporcle Settings to finish the process.

Report this User

Report this user for behavior that violates our Community Guidelines.

Details: